[Event "Zonal 2.4 Brasil 2011"]
[Site "Rio de Janeiro BRA"]
[Date "2011.06.19"]
[Round "2.8"]
[White "De Paiva, Pedro Henrique"]
[Black "Molina, Roberto Junio Brito"]
[Result "0-1"]
[WhiteElo "2239"]
[BlackElo "2406"]
[PlyCount "122"]
[EventDate "2011.06.18"]
[EventType "swiss"]
[EventRounds "9"]
[EventCountry "BRA"]
[Source "lmi"]
[SourceDate "2011.06.18"]

1. e4 c5 2. Nf3 e6 3. d4 cxd4 4. Nxd4 Nc6 5. Nb5 d6 6. c4 Nf6 7. N5c3 Be7 8.
Be2 O-O 9. O-O b6 10. Be3 Bb7 11. Nd2 Qd7 12. f4 Rfd8 13. Bf3 Rac8 14. Qe2 Qe8
15. Bf2 Bf8 16. a3 g6 17. Nb3 Nd7 18. Rfd1 Qe7 19. Rd3 Bh6 20. g3 g5 21. Nb5
Nc5 22. Nxc5 dxc5 23. Rad1 Rxd3 24. Rxd3 Rd8 25. Be3 a6 26. Rxd8+ Qxd8 27. Nc3
Nd4 28. Qf2 gxf4 29. Bxf4 Nxf3+ 30. Qxf3 Qd4+ 31. Kg2 Bg7 32. Qe2 f5 33. Kh3
Qf6 34. Qh5 Qg6 35. Qxg6 hxg6 36. exf5 gxf5 37. Bc7 b5 38. Bb6 b4 39. axb4 cxb4
40. Na2 Bxb2 41. Nxb4 Bc3 42. Ba5 Bd4 43. Bc7 e5 44. g4 f4 45. Nd5 Kf7 46. Kg2
Ke6 47. Kf3 Bxd5+ 48. cxd5+ Kxd5 49. h4 Be3 50. h5 e4+ 51. Ke2 Bc1 52. Bd8 f3+
53. Kf2 Ke5 54. Kg3 Bf4+ 55. Kf2 Bd2 56. Kg3 Ke6 57. Kf2 Bf4 58. g5 Kf5 59. g6
Bh6 60. Bb6 Bg7 61. Ke3 Bb2 0-1

[Event "Zonal 2.4 Brasil 2011"]
[Site "Rio de Janeiro BRA"]
[Date "2011.06.19"]
[Round "2.9"]
[White "Toth, Christian Endre"]
[Black "Cuellar, Diego"]
[Result "1-0"]
[WhiteElo "2366"]
[BlackElo "2124"]
[PlyCount "71"]
[EventDate "2011.06.18"]
[EventType "swiss"]
[EventRounds "9"]
[EventCountry "BRA"]
[Source "lmi"]
[SourceDate "2011.06.18"]

1. c4 e5 2. g3 Nc6 3. Bg2 Nf6 4. Nc3 Bb4 5. Nd5 Bc5 6. d3 Nxd5 7. cxd5 Ne7 8.
Nf3 d6 9. d4 exd4 10. Nxd4 O-O 11. O-O Bb6 12. b4 a5 13. b5 a4 14. Rb1 Bc5 15.
Bb2 Re8 16. Qd3 Ng6 17. f4 Qe7 18. e4 Ne5 19. Qc3 a3 20. Ba1 Ra4 21. Rbd1 Bg4
22. Rd2 Nc4 23. Kh1 Nxd2 24. Nf5 Qf8 25. Nh6+ Kh8 26. Qxd2 Bd7 27. e5 Bxb5 28.
Nf5 Bxf1 29. Bxf1 Rb4 30. exd6 Rb1 31. Bxg7+ Qxg7 32. Nxg7 Rxf1+ 33. Kg2 Rg1+
34. Kh3 Kxg7 35. Qc3+ Kg8 36. Qxc5 1-0

[Event "Zonal 2.4 Brasil 2011"]
[Site "Rio de Janeiro BRA"]
[Date "2011.06.19"]
[Round "2.10"]
[White "Madeira, Wagner Martins"]
[Black "Barbosa, Evandro Amorim"]
[Result "1/2-1/2"]
[WhiteElo "2210"]
[BlackElo "2343"]
[PlyCount "150"]
[EventDate "2011.06.18"]
[EventType "swiss"]
[EventRounds "9"]
[EventCountry "BRA"]
[Source "lmi"]
[SourceDate "2011.06.18"]

1. e4 c5 2. Nf3 e6 3. d4 cxd4 4. Nxd4 Nc6 5. Nxc6 bxc6 6. Bd3 Nf6 7. O-O d5 8.
Nd2 Be7 9. c4 O-O 10. Qc2 g6 11. b3 a5 12. Bb2 Bb7 13. Rae1 a4 14. bxa4 Qa5 15.
Bc3 Qa7 16. Rb1 d4 17. Bxd4 Qxd4 18. Rxb7 Rfd8 19. Rb3 Rxa4 20. Rfb1 Nd7 21.
Nf3 Qd6 22. Be2 Nc5 23. e5 Qc7 24. R3b2 Qa5 25. h4 Ra3 26. Rd1 Rxd1+ 27. Qxd1
Rxa2 28. Rxa2 Qxa2 29. g3 Qb2 30. Qd2 Qb1+ 31. Qd1 Qb7 32. Nd4 Nd7 33. Nf3 Bc5
34. Bd3 Qb2 35. Qe2 Qc3 36. Kg2 Bf8 37. Qc2 Qa1 38. Qe2 Bg7 39. h5 Qc3 40. hxg6
hxg6 41. Qc2 Qa1 42. Qb1 Qc3 43. Qc2 Qa5 44. Be4 c5 45. Bc6 Nxe5 46. Nxe5 Bxe5
47. Bf3 Bd4 48. Qe2 Qc3 49. Bc6 Kg7 50. Bb7 Qb4 51. Bc6 Qb6 52. Ba8 Qa6 53. Bf3
f5 54. g4 Kf6 55. Qc2 Qa5 56. Qe2 Qc3 57. gxf5 gxf5 58. Bc6 Qc1 59. Bd7 Qg5+
60. Kf1 e5 61. Qf3 e4 62. Qh3 Ke5 63. Bb5 Qc1+ 64. Kg2 Qg5+ 65. Kf1 Qc1+ 66.
Kg2 Qg5+ 67. Kf1 Kd6 68. Qh2+ Be5 69. Qh7 Qc1+ 70. Kg2 Qg5+ 71. Kf1 Bg7 72. Qg8
Qc1+ 73. Kg2 Qg5+ 74. Kf1 Qc1+ 75. Kg2 Qg5+ 1/2-1/2

[Event "Zonal 2.4 Brasil 2011"]
[Site "Rio de Janeiro BRA"]
[Date "2011.06.19"]
[Round "2.12"]
[White "Macedo, Maximo Iack"]
[Black "Rodrigues, Nei Jorge"]
[Result "1-0"]
[WhiteElo "2314"]
[BlackElo "2029"]
[PlyCount "65"]
[EventDate "2011.06.18"]
[EventType "swiss"]
[EventRounds "9"]
[EventCountry "BRA"]
[Source "lmi"]
[SourceDate "2011.06.18"]

1. d4 d5 2. c4 e6 3. Nc3 Nf6 4. cxd5 exd5 5. Bg5 Be7 6. e3 O-O 7. Bd3 Re8 8.
Qc2 h6 9. Bh4 c6 10. Nge2 Bg4 11. f3 Bc8 12. O-O b5 13. e4 dxe4 14. fxe4 Qb6
15. Kh1 Ng4 16. Bxe7 Rxe7 17. Nd5 Qd8 18. Nxe7+ Qxe7 19. Qd2 c5 20. e5 Bb7 21.
h3 Qh4 22. Kg1 cxd4 23. Qf4 Qe7 24. Qxg4 Nd7 25. e6 Nf6 26. exf7+ Kf8 27. Qg6
Qe3+ 28. Kh2 Qe5+ 29. Qg3 Qxg3+ 30. Nxg3 a6 31. Rae1 Kxf7 32. Nf5 Bd5 33. Re7+
1-0

[Event "Zonal 2.4 Brasil 2011"]
[Site "Rio de Janeiro BRA"]
[Date "2011.06.19"]
[Round "2.13"]
[White "Maia Jose, Eduardo Bastos O"]
[Black "Aranha Filho, Alvaro Z"]
[Result "0-1"]
[WhiteElo "2127"]
[BlackElo "2302"]
[PlyCount "42"]
[EventDate "2011.06.18"]
[EventType "swiss"]
[EventRounds "9"]
[EventCountry "BRA"]
[Source "lmi"]
[SourceDate "2011.06.18"]

1. d4 d5 2. Bg5 f6 3. Bc1 Nc6 4. e3 Bf5 5. Bd3 Bxd3 6. Qxd3 e5 7. Ne2 e4 8. Qd1
f5 9. Nf4 Nf6 10. b3 Bd6 11. Ba3 Bxa3 12. Nxa3 Qe7 13. Nb1 g5 14. Nh5 O-O-O 15.
Nxf6 Qxf6 16. Nd2 h5 17. a3 f4 18. c4 dxc4 19. bxc4 Nxd4 20. exd4 Qxd4 21. Rc1
e3 0-1

[Event "Zonal 2.4 Brasil 2011"]
[Site "Rio de Janeiro BRA"]
[Date "2011.06.19"]
[Round "2.16"]
[White "Cuellar, Ulises"]
[Black "Palacios, Efrain"]
[Result "0-1"]
[WhiteElo "1994"]
[BlackElo "2176"]
[PlyCount "58"]
[EventDate "2011.06.18"]
[EventType "swiss"]
[EventRounds "9"]
[EventCountry "BRA"]
[Source "lmi"]
[SourceDate "2011.06.18"]

1. d4 Nf6 2. Bf4 g6 3. e3 Bg7 4. Nf3 O-O 5. Be2 d5 6. h3 c5 7. c3 Nc6 8. Nbd2
b6 9. Ne5 Nxe5 10. Bxe5 Bb7 11. h4 c4 12. h5 b5 13. f4 Nd7 14. Bxg7 Kxg7 15.
Bf3 f6 16. hxg6 hxg6 17. Bg4 Qc7 18. Qf3 Rh8 19. Kf2 f5 20. Bxf5 gxf5 21. Qg3+
Kf6 22. Qg5+ Ke6 23. g4 fxg4 24. e4 dxe4 25. d5+ Bxd5 26. Qxg4+ Kd6 27. Qg3 e3+
28. Kxe3 Rxh1 29. Rxh1 Qc5+ 0-1

[Event "Zonal 2.4 Brasil 2011"]
[Site "Rio de Janeiro BRA"]
[Date "2011.06.19"]
[Round "2.18"]
[White "Dos Santos Jr, Braulio"]
[Black "Bil, Angelo"]
[Result "0-1"]
[WhiteElo "2016"]
[BlackElo "2104"]
[PlyCount "100"]
[EventDate "2011.06.18"]
[EventType "swiss"]
[EventRounds "9"]
[EventCountry "BRA"]
[Source "lmi"]
[SourceDate "2011.06.18"]

1. e4 c5 2. a3 Nc6 3. b4 cxb4 4. axb4 Nxb4 5. Ra4 e6 6. Ba3 Qb6 7. c3 Nc6 8.
Bxf8 Kxf8 9. Na3 Nf6 10. Nf3 d5 11. exd5 exd5 12. Nd4 Bg4 13. f3 Bd7 14. Be2 g6
15. O-O Kg7 16. Kh1 Rhe8 17. Nac2 a6 18. Ne3 Rad8 19. Qe1 Ne7 20. Rb4 Qc7 21.
Qh4 Qc8 22. Bd3 Nfg8 23. f4 Nh6 24. f5 Bxf5 25. Bxf5 Nexf5 26. Ndxf5+ Nxf5 27.
Nxf5+ gxf5 28. Qg5+ Kf8 29. Qh6+ Kg8 30. Rh4 Qe6 31. Qxh7+ Kf8 32. Rhf4 Qg6 33.
Qh3 Re6 34. Rxf5 Rd7 35. Qh8+ Qg8 36. Qh5 Qg6 37. Qh8+ Qg8 38. Qh5 Qg6 39. Qh4
Re4 40. Qh8+ Qg8 41. Qh5 Qg7 42. g3 Rde7 43. Rg5 R4e5 44. Rxf7+ Rxf7 45. Rxe5
Qf6 46. Qe2 Qc6 47. d4 a5 48. g4 a4 49. g5 a3 50. Re6 a2 0-1

[Event "Zonal 2.4 Brasil 2011"]
[Site "Rio de Janeiro BRA"]
[Date "2011.06.19"]
[Round "2.19"]
[White "Ferreira, Kleber Victor"]
[Black "Chiari, Arthur Gontijo"]
[Result "1-0"]
[WhiteElo "2099"]
[BlackElo "2016"]
[PlyCount "95"]
[EventDate "2011.06.18"]
[EventType "swiss"]
[EventRounds "9"]
[EventCountry "BRA"]
[Source "lmi"]
[SourceDate "2011.06.18"]

1. f4 d5 2. Nf3 Nf6 3. e3 Bg4 4. h3 Bxf3 5. Qxf3 Nbd7 6. g4 h6 7. d3 e5 8. Nc3
c6 9. Bd2 Bb4 10. O-O-O Qc7 11. g5 Nh7 12. h4 O-O-O 13. Bh3 exf4 14. exf4 Bd6
15. Ne2 f6 16. Nd4 Nhf8 17. Nf5 hxg5 18. Nxd6+ Qxd6 19. fxg5 Ng6 20. h5 Nge5
21. Qg3 d4 22. Bf4 Kb8 23. h6 fxg5 24. Bxg5 gxh6 25. Bxd8 Rxd8 26. Rde1 Qg6 27.
Qxg6 Nxg6 28. Bxd7 Rxd7 29. Rxh6 Nf4 30. Re4 Ng2 31. Rhe6 Ne3 32. Re8+ Kc7 33.
R8e7 c5 34. Rxd7+ Kxd7 35. c3 Nf5 36. Re5 Ng7 37. cxd4 cxd4 38. Rd5+ Kc6 39.
Rxd4 Ne6 40. Rh4 Ng5 41. Kc2 a6 42. Kc3 Nf3 43. Rh5 Kd6 44. d4 Ne1 45. a4 Ng2
46. Rh7 b6 47. Rh6+ Kc7 48. a5 1-0

[Event "Zonal 2.4 Brasil 2011"]
[Site "Rio de Janeiro BRA"]
[Date "2011.06.19"]
[Round "2.20"]
[White "Suasnabar, Jesus"]
[Black "Souza, Marcos Valerio A"]
[Result "0-1"]
[WhiteElo "1983"]
[BlackElo "2097"]
[PlyCount "50"]
[EventDate "2011.06.18"]
[EventType "swiss"]
[EventRounds "9"]
[EventCountry "BRA"]
[Source "lmi"]
[SourceDate "2011.06.18"]

1. d4 Nf6 2. Nf3 g6 3. c4 Bg7 4. Nc3 O-O 5. Bf4 d6 6. h3 c5 7. d5 b5 8. cxb5 a6
9. e3 Qa5 10. Qd2 axb5 11. Bxb5 Ne4 12. Nxe4 Qxb5 13. Nc3 Qc4 14. Rc1 Ba6 15.
b3 Qb4 16. Na4 Nd7 17. Qxb4 cxb4 18. Rc7 Nf6 19. Nb6 Rab8 20. Nc4 Nxd5 21. Ra7
Bc3+ 22. Nfd2 Bxc4 23. bxc4 Nxf4 24. exf4 Ra8 25. Rxe7 Rxa2 0-1

[Event "Zonal 2.4 Brasil 2011"]
[Site "Rio de Janeiro BRA"]
[Date "2011.06.19"]
[Round "2.21"]
[White "Souza, Neves Andrey M"]
[Black "Pazos, Marco"]
[Result "1-0"]
[WhiteElo "2094"]
[BlackElo "1985"]
[PlyCount "59"]
[EventDate "2011.06.18"]
[EventType "swiss"]
[EventRounds "9"]
[EventCountry "BRA"]
[Source "lmi"]
[SourceDate "2011.06.18"]

1. Nf3 Nf6 2. b3 g6 3. Bb2 Bg7 4. g3 O-O 5. Bg2 d6 6. d4 Nbd7 7. O-O c6 8. c4
Qc7 9. Nc3 b6 10. d5 Bb7 11. Nd4 c5 12. Ncb5 Qc8 13. Nc6 Re8 14. Nbxa7 Qc7 15.
Nb5 Qc8 16. Nxe7+ Rxe7 17. Nxd6 Qb8 18. Nxb7 Nf8 19. Nxc5 bxc5 20. d6 Rd7 21.
Bxa8 Qxa8 22. Qd3 Qd8 23. Rad1 Ne8 24. Bxg7 Kxg7 25. Qc3+ Kg8 26. Qe5 Ne6 27.
Rd2 Nxd6 28. Rfd1 Nd4 29. Rxd4 cxd4 30. Qxd4 1-0

[Event "Zonal 2.4 Brasil 2011"]
[Site "Rio de Janeiro BRA"]
[Date "2011.06.19"]
[Round "2.22"]
[White "Pluschkat, Gustavo Ranulpho"]
[Black "Da Silva, Jose Almir Martins"]
[Result "1-0"]
[WhiteElo "1942"]
[BlackElo "2078"]
[PlyCount "63"]
[EventDate "2011.06.18"]
[EventType "swiss"]
[EventRounds "9"]
[EventCountry "BRA"]
[Source "lmi"]
[SourceDate "2011.06.18"]

1. e4 c5 2. b4 g6 3. Bb2 f6 4. f4 e6 5. bxc5 Bxc5 6. d4 Bb4+ 7. c3 Bd6 8. Qc1
b6 9. Bd3 Ba6 10. c4 Bb4+ 11. Nd2 Nc6 12. Ngf3 Rc8 13. O-O Be7 14. d5 Nb4 15.
Bb1 exd5 16. exd5 Nxd5 17. f5 gxf5 18. Re1 Kf7 19. Bxf5 Bc5+ 20. Nd4 Nh6 21.
Qd1 Nf4 22. Be4 Qg8 23. Bd5+ Nxd5 24. Qh5+ Kg7 25. Kh1 Nf4 26. Nf5+ Nxf5 27.
Qg5+ Ng6 28. Qxf6+ Kh6 29. Ne4 Qd8 30. Qxf5 Rf8 31. Nf6 Rxf6 32. Bxf6 1-0

[Event "Zonal 2.4 Brasil 2011"]
[Site "Rio de Janeiro BRA"]
[Date "2011.06.19"]
[Round "2.23"]
[White "Miranda Neto, Jayme Amorim"]
[Black "Ferreira, Jose Carlos"]
[Result "1-0"]
[WhiteElo "2070"]
[BlackElo "1960"]
[PlyCount "77"]
[EventDate "2011.06.18"]
[EventType "swiss"]
[EventRounds "9"]
[EventCountry "BRA"]
[Source "lmi"]
[SourceDate "2011.06.18"]

1. c4 Nf6 2. Nc3 e6 3. d4 Bb4 4. a3 Bxc3+ 5. bxc3 h6 6. e4 d6 7. Bd3 Nbd7 8.
Ne2 e5 9. O-O b6 10. f4 Bb7 11. Ng3 g6 12. a4 a5 13. Qf3 Qe7 14. Ba3 c5 15.
fxe5 dxe5 16. d5 O-O 17. Rf2 Ne8 18. Raf1 Nd6 19. Bc1 Qh4 20. Qe3 Kg7 21. Rf3
Rh8 22. Qf2 Raf8 23. Nh5+ Qxh5 24. Rh3 Qg4 25. Rh4 Qxh4 26. Qxh4 f6 27. Be3 Bc8
28. Rb1 Rf7 29. Qg3 Rhf8 30. Qh3 Rh8 31. Qe6 Ne8 32. Bxh6+ Rxh6 33. Qxe8 Rh8
34. Qe6 f5 35. exf5 gxf5 36. Bxf5 Rh6 37. Qe8 Rf8 38. Qe7+ Rf7 39. Qg5+ 1-0

[Event "Zonal 2.4 Brasil 2011"]
[Site "Rio de Janeiro BRA"]
[Date "2011.06.19"]
[Round "2.25"]
[White "Pereira, Celio Antunes"]
[Black "Da Silva, Wagner Jose"]
[Result "1/2-1/2"]
[WhiteElo "2039"]
[BlackElo "1828"]
[PlyCount "42"]
[EventDate "2011.06.18"]
[EventType "swiss"]
[EventRounds "9"]
[EventCountry "BRA"]
[Source "lmi"]
[SourceDate "2011.06.18"]

1. Nf3 Nf6 2. g3 d5 3. Bg2 Bg4 4. O-O Nbd7 5. d4 e6 6. Nbd2 Be7 7. c4 c6 8. b3
O-O 9. Bb2 Re8 10. Rc1 Rc8 11. a3 Bf5 12. b4 b5 13. c5 a5 14. Qb3 a4 15. Qd1
Ne4 16. Nxe4 Bxe4 17. Nd2 Bxg2 18. Kxg2 Bf6 19. f4 g6 20. e4 Bg7 21. Qf3 f5
1/2-1/2

[Event "Zonal 2.4 Brasil 2011"]
[Site "Rio de Janeiro BRA"]
[Date "2011.06.20"]
[Round "3.1"]
[White "Di Berardino, Diego Rafael"]
[Black "Cordova, Emilio"]
[Result "1/2-1/2"]
[WhiteElo "2480"]
[BlackElo "2561"]
[PlyCount "81"]
[EventDate "2011.06.18"]
[EventType "swiss"]
[EventRounds "9"]
[EventCountry "BRA"]
[Source "lmi"]
[SourceDate "2011.06.18"]

1. d4 Nf6 2. c4 e6 3. Nf3 b6 4. a3 c5 5. d5 Ba6 6. Qc2 exd5 7. cxd5 g6 8. Nc3
Bg7 9. g3 O-O 10. Bg2 Re8 11. O-O d6 12. Re1 b5 13. h3 Nbd7 14. e4 Rc8 15. Bf4
Qb6 16. a4 b4 17. Nb5 b3 18. Qb1 Bxb5 19. axb5 Nh5 20. Be3 Qxb5 21. Rxa7 Ne5
22. Nxe5 Bxe5 23. Bf1 Qb4 24. Rc1 Bd4 25. Bxd4 cxd4 26. Rxc8 Rxc8 27. Qd3 Nf6
28. e5 dxe5 29. Qa6 Qc5 30. d6 Kg7 31. Qb7 Rf8 32. Qc7 Qb4 33. Qe7 d3 34. Qxe5
d2 35. Be2 Qe4 36. Qxe4 Nxe4 37. Ra4 Nxd6 38. Rd4 Re8 39. Rxd2 Ne4 40. Rd5 Nc5
41. Rd2 1/2-1/2

[Event "Zonal 2.4 Brasil 2011"]
[Site "Rio de Janeiro BRA"]
[Date "2011.06.20"]
[Round "3.2"]
[White "Fier, Alexandr"]
[Black "Toth, Christian Endre"]
[Result "1-0"]
[WhiteElo "2560"]
[BlackElo "2366"]
[PlyCount "77"]
[EventDate "2011.06.18"]
[EventType "swiss"]
[EventRounds "9"]
[EventCountry "BRA"]
[Source "lmi"]
[SourceDate "2011.06.18"]

1. c4 f5 2. d4 Nf6 3. Nc3 e6 4. Bg5 Be7 5. Bxf6 Bxf6 6. e4 fxe4 7. Nxe4 O-O 8.
Nf3 Nc6 9. Be2 d5 10. Nxf6+ Qxf6 11. O-O dxc4 12. Rc1 b5 13. b3 Rd8 14. bxc4
Nxd4 15. Nxd4 Rxd4 16. Qb3 bxc4 17. Rxc4 Rxc4 18. Bxc4 a5 19. Rd1 Qe7 20. Bd5
a4 21. Qb5 Bd7 22. Qc4 Ra5 23. Bf3 Rc5 24. Qb4 Kf7 25. h3 Rf5 26. Qb8 Be8 27.
Be4 Rb5 28. Qa8 Rb2 29. Qa5 g6 30. Qe5 Rxa2 31. Rd3 Ra3 32. Rd4 Ra1+ 33. Kh2
Rc1 34. Bd5 Rc5 35. Rf4+ Kg8 36. Bxe6+ Bf7 37. Rxf7 Qxf7 38. Bc4 a3 39. Ba2 1-0

[Event "Zonal 2.4 Brasil 2011"]
[Site "Rio de Janeiro BRA"]
[Date "2011.06.20"]
[Round "3.3"]
[White "Molina, Roberto Junio Brito"]
[Black "Zambrana, Oswaldo"]
[Result "1-0"]
[WhiteElo "2406"]
[BlackElo "2514"]
[PlyCount "81"]
[EventDate "2011.06.18"]
[EventType "swiss"]
[EventRounds "9"]
[EventCountry "BRA"]
[Source "lmi"]
[SourceDate "2011.06.18"]

1. d4 d5 2. c4 c6 3. Nf3 Nf6 4. Nc3 e6 5. Bg5 h6 6. Bxf6 Qxf6 7. e3 Nd7 8. Be2
g6 9. O-O dxc4 10. Bxc4 Bg7 11. Rc1 O-O 12. Qc2 b6 13. Qe2 a6 14. Rfd1 Bb7 15.
e4 b5 16. e5 Qf4 17. Bd3 c5 18. Be4 Bxe4 19. Nxe4 cxd4 20. g3 Qg4 21. Rxd4 Nxe5
22. Nf6+ Bxf6 23. Rxg4 Nxg4 24. h3 Rac8 25. Rxc8 Rxc8 26. hxg4 Rc5 27. Qe3 Rc2
28. Qxh6 Rxb2 29. Qf4 Kg7 30. g5 Bc3 31. Ne5 Rb1+ 32. Kg2 Bxe5 33. Qxe5+ Kg8
34. Qe4 Rb2 35. Qa8+ Kg7 36. Qxa6 b4 37. Qc4 Kg8 38. g4 e5 39. Kf3 e4+ 40. Ke3
Kf8 41. Kxe4 1-0

[Event "Zonal 2.4 Brasil 2011"]
[Site "Rio de Janeiro BRA"]
[Date "2011.06.20"]
[Round "3.4"]
[White "El Debs, Felipe De Cresce"]
[Black "Macedo, Maximo Iack"]
[Result "1/2-1/2"]
[WhiteElo "2497"]
[BlackElo "2314"]
[PlyCount "59"]
[EventDate "2011.06.18"]
[EventType "swiss"]
[EventRounds "9"]
[EventCountry "BRA"]
[Source "lmi"]
[SourceDate "2011.06.18"]

1. Nf3 d5 2. d4 Nf6 3. c4 e6 4. g3 dxc4 5. Qa4+ Nbd7 6. Bg2 a6 7. Nc3 Rb8 8.
Qxc4 b5 9. Qd3 Bb7 10. O-O c5 11. Rd1 cxd4 12. Nxd4 Bxg2 13. Kxg2 Qb6 14. Bg5
Be7 15. Qf3 Ne5 16. Qf4 Qb7+ 17. Kg1 Ng6 18. Qe3 O-O 19. Bxf6 Bxf6 20. Ne4 Be7
21. Rac1 Rfc8 22. Nb3 Rxc1 23. Rxc1 h6 24. Na5 Qd5 25. Qa7 Re8 26. Nc3 Qd2 27.
Nb3 Qxb2 28. Qxa6 b4 29. Nd1 Qe5 30. Rc8 1/2-1/2

[Event "Zonal 2.4 Brasil 2011"]
[Site "Rio de Janeiro BRA"]
[Date "2011.06.20"]
[Round "3.5"]
[White "Gonzalez, Bolivar Ribeiro"]
[Black "Matsuura, Everaldo"]
[Result "0-1"]
[WhiteElo "2317"]
[BlackElo "2480"]
[PlyCount "52"]
[EventDate "2011.06.18"]
[EventType "swiss"]
[EventRounds "9"]
[EventCountry "BRA"]
[Source "lmi"]
[SourceDate "2011.06.18"]

1. e4 e5 2. Nf3 Nc6 3. Bc4 Bc5 4. c3 Nf6 5. b4 Bb6 6. d3 d6 7. a4 a5 8. b5 Ne7
9. O-O O-O 10. Bg5 Ng6 11. Nbd2 h6 12. Be3 d5 13. exd5 Nxd5 14. Bxd5 Qxd5 15.
Nc4 Bxe3 16. Nxe3 Qd6 17. Qc2 b6 18. d4 exd4 19. Nxd4 Bb7 20. Rad1 Qc5 21. Nb3
Qe7 22. Rd4 Rad8 23. Rxd8 Rxd8 24. Rd1 Re8 25. Rd4 Qg5 26. Qd1 Rxe3 0-1

[Event "Zonal 2.4 Brasil 2011"]
[Site "Rio de Janeiro BRA"]
[Date "2011.06.20"]
[Round "3.6"]
[White "Aranha Filho, Alvaro Z"]
[Black "Bittencourt, Jorge"]
[Result "1/2-1/2"]
[WhiteElo "2302"]
[BlackElo "2446"]
[PlyCount "29"]
[EventDate "2011.06.18"]
[EventType "swiss"]
[EventRounds "9"]
[EventCountry "BRA"]
[Source "lmi"]
[SourceDate "2011.06.18"]

1. d4 Nf6 2. c4 e6 3. g3 Bb4+ 4. Bd2 a5 5. Nf3 b6 6. Bg2 Bb7 7. Nc3 O-O 8. O-O
d6 9. Qc2 Nbd7 10. Ne1 Bxg2 11. Nxg2 c6 12. Bg5 Bxc3 13. Qxc3 Qb8 14. Bxf6 Nxf6
15. Qd3 1/2-1/2

[Event "Zonal 2.4 Brasil 2011"]
[Site "Rio de Janeiro BRA"]
[Date "2011.06.20"]
[Round "3.7"]
[White "Barbosa, Evandro Amorim"]
[Black "Palacios, Efrain"]
[Result "1-0"]
[WhiteElo "2343"]
[BlackElo "2176"]
[PlyCount "53"]
[EventDate "2011.06.18"]
[EventType "swiss"]
[EventRounds "9"]
[EventCountry "BRA"]
[Source "lmi"]
[SourceDate "2011.06.18"]

1. e4 c5 2. Nf3 e6 3. d4 cxd4 4. Nxd4 a6 5. Bd3 Nc6 6. Nxc6 bxc6 7. O-O d5 8.
c4 Nf6 9. Nc3 d4 10. Ne2 e5 11. h3 Bd6 12. f4 Qc7 13. f5 a5 14. Ng3 h5 15. Bg5
h4 16. Ne2 Be7 17. Qe1 Nd7 18. Bxe7 Kxe7 19. Kh1 Qd6 20. Ng1 Nc5 21. Rd1 Qf6
22. Nf3 a4 23. Qb4 Qd6 24. Nxd4 Na6 25. Nxc6+ Kd7 26. Qb6 Rb8 27. Nxb8+ 1-0

[Event "Zonal 2.4 Brasil 2011"]
[Site "Rio de Janeiro BRA"]
[Date "2011.06.20"]
[Round "3.8"]
[White "Teixeira, Ricardo Da Silva"]
[Black "Madeira, Wagner Martins"]
[Result "1/2-1/2"]
[WhiteElo "2292"]
[BlackElo "2210"]
[PlyCount "35"]
[EventDate "2011.06.18"]
[EventType "swiss"]
[EventRounds "9"]
[EventCountry "BRA"]
[Source "lmi"]
[SourceDate "2011.06.18"]

1. d4 Nf6 2. Nf3 g6 3. Nc3 Bg7 4. e4 d6 5. Be2 O-O 6. O-O Bg4 7. Be3 Nc6 8. Qd2
e5 9. dxe5 dxe5 10. Rad1 Qe8 11. Qc1 Rd8 12. Rxd8 Qxd8 13. Rd1 Qc8 14. h3 Bxf3
15. Bxf3 Rd8 16. Rxd8+ Qxd8 17. Qd1 Nd4 18. Be2 1/2-1/2

[Event "Zonal 2.4 Brasil 2011"]
[Site "Rio de Janeiro BRA"]
[Date "2011.06.20"]
[Round "3.9"]
[White "Santiago, Yago De Moura"]
[Black "Condori, Edwin"]
[Result "1/2-1/2"]
[WhiteElo "2238"]
[BlackElo "2159"]
[PlyCount "125"]
[EventDate "2011.06.18"]
[EventType "swiss"]
[EventRounds "9"]
[EventCountry "BRA"]
[Source "lmi"]
[SourceDate "2011.06.18"]

1. Nf3 g6 2. c4 Bg7 3. g3 d6 4. Bg2 Nc6 5. O-O e5 6. Nc3 Nge7 7. d3 O-O 8. Bd2
h6 9. Rb1 Be6 10. b4 d5 11. cxd5 Nxd5 12. Ne4 Nce7 13. Qc1 Kh7 14. Qc2 b6 15.
Rfc1 Qd7 16. Nc3 Rac8 17. e4 Nxc3 18. Bxc3 Nc6 19. b5 Nd4 20. Bxd4 exd4 21. Nd2
Rfd8 22. f4 Bf8 23. e5 Bd5 24. Bxd5 Qxd5 25. Ne4 Be7 26. Qc4 Kg7 27. Qxd5 Rxd5
28. Rc6 Kf8 29. a4 Ke8 30. Nd2 Rc5 31. Rxc5 Bxc5 32. Kf2 c6 33. Kf3 Kd7 34. Ke4
cxb5 35. axb5 Ke6 36. g4 f5+ 37. exf6 Kxf6 38. Kd5 Rd8+ 39. Kc4 Rc8 40. Ne4+
Ke6 41. Nxc5+ Rxc5+ 42. Kxd4 Rc2 43. h3 Rh2 44. Rc1 Rxh3 45. Rc6+ Kf7 46. Rc7+
Kf6 47. Rxa7 Rg3 48. Rb7 Rxg4 49. Rxb6+ Kf5 50. Rd6 Rxf4+ 51. Kc5 Rf1 52. Rd4
Ke6 53. Kc6 h5 54. b6 Rb1 55. Re4+ Kf5 56. b7 g5 57. Re8 g4 58. b8=Q Rxb8 59.
Rxb8 g3 60. Rf8+ Ke5 61. d4+ Kxd4 62. Rh8 Ke3 63. Rxh5 1/2-1/2

[Event "Zonal 2.4 Brasil 2011"]
[Site "Rio de Janeiro BRA"]
[Date "2011.06.20"]
[Round "3.10"]
[White "Ferreira, Kleber Victor"]
[Black "Espinoza, Palomino Willyam"]
[Result "1/2-1/2"]
[WhiteElo "2099"]
[BlackElo "2295"]
[PlyCount "26"]
[EventDate "2011.06.18"]
[EventType "swiss"]
[EventRounds "9"]
[EventCountry "BRA"]
[Source "lmi"]
[SourceDate "2011.06.18"]

1. f4 d5 2. Nf3 c5 3. e3 Nf6 4. Be2 g6 5. d3 Bg7 6. O-O O-O 7. Qe1 Nc6 8. Nc3
d4 9. Ne4 Ng4 10. Nxc5 Nxe3 11. Bxe3 dxe3 12. c3 Qb6 13. d4 Qxb2 1/2-1/2

[Event "Zonal 2.4 Brasil 2011"]
[Site "Rio de Janeiro BRA"]
[Date "2011.06.20"]
[Round "3.11"]
[White "Souza, Marcos Valerio A"]
[Black "Abdalla, Luiz Guilherme Aure"]
[Result "0-1"]
[WhiteElo "2097"]
[BlackElo "2289"]
[PlyCount "62"]
[EventDate "2011.06.18"]
[EventType "swiss"]
[EventRounds "9"]
[EventCountry "BRA"]
[Source "lmi"]
[SourceDate "2011.06.18"]

1. d4 d5 2. Bf4 Nf6 3. e3 c5 4. c3 Nc6 5. Bd3 Qb6 6. Qb3 e6 7. Nf3 c4 8. Qxb6
axb6 9. Be2 b5 10. h3 Be7 11. O-O O-O 12. a3 b4 13. cxb4 Bxb4 14. Nfd2 Bd7 15.
Rc1 Be7 16. Nc3 Rfc8 17. g4 Ra5 18. Nf3 h6 19. Ne5 Nxe5 20. Bxe5 b5 21. Na2
Rca8 22. Rab1 Ne4 23. Rd1 Bxa3 24. Nc3 Nxc3 25. bxc3 Be7 26. Bf3 Bc6 27. Re1
Ra3 28. e4 Rxc3 29. exd5 exd5 30. Bxg7 Kxg7 31. Rxe7 Rxf3 0-1

[Event "Zonal 2.4 Brasil 2011"]
[Site "Rio de Janeiro BRA"]
[Date "2011.06.20"]
[Round "3.12"]
[White "Cavalcanti, Francisco De Assis"]
[Black "Souza, Neves Andrey M"]
[Result "1-0"]
[WhiteElo "2284"]
[BlackElo "2094"]
[PlyCount "93"]
[EventDate "2011.06.18"]
[EventType "swiss"]
[EventRounds "9"]
[EventCountry "BRA"]
[Source "lmi"]
[SourceDate "2011.06.18"]

1. d4 f5 2. Nf3 Nf6 3. g3 g6 4. Bg2 Bg7 5. O-O O-O 6. c4 d6 7. Nc3 Nc6 8. d5
Ne5 9. Nd2 e6 10. Qc2 c6 11. dxc6 bxc6 12. Rb1 Rb8 13. b4 Bb7 14. Na4 Nh5 15.
Nb3 f4 16. Nd4 Qe7 17. Nf3 Rf7 18. Nxe5 Bxe5 19. Bb2 Bxb2 20. Rxb2 fxg3 21.
hxg3 Rbf8 22. Rb3 Nf6 23. Bh3 e5 24. Re3 Bc8 25. Bxc8 Rxc8 26. Qd2 Rcf8 27. Nc3
Ng4 28. Rf3 Rxf3 29. exf3 Rxf3 30. Ne4 Qf8 31. Qxd6 Qxd6 32. Nxd6 Rd3 33. c5
Rd2 34. a4 Rc2 35. Nc8 Kf7 36. Nxa7 Ke6 37. Nxc6 Kd5 38. Na5 e4 39. Rd1+ Ke6
40. Rf1 h5 41. c6 g5 42. b5 h4 43. gxh4 gxh4 44. b6 e3 45. b7 exf2+ 46. Rxf2
Rxf2 47. c7 1-0